UBT Library

Standards and guidelines for the psychotherapies / (Record no. 42101)

000 -LEADER
fixed length control field 00952cam a2200313 a 4500
001 - CONTROL NUMBER
control field 4523412
005 - DATE AND TIME OF LATEST TRANSACTION
control field 20180208042757.0
008 - FIXED-LENGTH DATA ELEMENTS--GENERAL INFORMATION
fixed length control field 980310s1998 onc b 001 0 eng d
010 ## - LIBRARY OF CONGRESS CONTROL NUMBER
LC control number 99166523
020 ## - INTERNATIONAL STANDARD BOOK NUMBER
International Standard Book Number 0802008046 (bound)
020 ## - INTERNATIONAL STANDARD BOOK NUMBER
International Standard Book Number 080207166X (pbk.)
035 ## - SYSTEM CONTROL NUMBER
System control number (OCoLC)39070335
040 ## - CATALOGING SOURCE
Original cataloging agency CaOTU
Language of cataloging eng
Transcribing agency CaOONL
Modifying agency DLC
041 ## - LANGUAGE CODE
Language code of text/sound track or separate title eng
042 ## - AUTHENTICATION CODE
Authentication code lccopycat
043 ## - GEOGRAPHIC AREA CODE
Geographic area code n-cn-on
055 01 - CLASSIFICATION NUMBERS ASSIGNED IN CANADA
Classification number RC480.5
055 #3 - CLASSIFICATION NUMBERS ASSIGNED IN CANADA
Classification number RC480.5
Item number S72 1998
055 00 - CLASSIFICATION NUMBERS ASSIGNED IN CANADA
Classification number RC480 .5
Item number S73 1998
080 ## - UNIVERSAL DECIMAL CLASSIFICATION NUMBER
Universal Decimal Classification number 616.8914
082 00 - DEWEY DECIMAL CLASSIFICATION NUMBER
Classification number 616.8914 CAM
Edition number 21
100 ## - Rafti
Rafti 48
101 ## - Shkurtesa
Shkurtesa PSI
245 00 - TITLE STATEMENT
Title Standards and guidelines for the psychotherapies /
Statement of responsibility, etc edited by Paul Cameron, Jon Ennis, John Deadman.
504 ## - BIBLIOGRAPHY, ETC. NOTE
Bibliography, etc Includes bibliographical references and index.
906 ## - LOCAL DATA ELEMENT F, LDF (RLIN)
a 7
b cbc
c copycat
d 2
e ncip
f 19
g y-gencatlg
942 ## - ADDED ENTRY ELEMENTS (KOHA)
Source of classification or shelving scheme
Item type Books
Holdings
Withdrawn status Lost status Source of classification or shelving scheme Damaged status Not for loan Collection code Permanent location Current location Shelving location Date acquired Total Checkouts Full call number Barcode Date last seen Price effective from Koha item type
          Koleksioni i përgjithshem UBT - Lipjan UBT - Lipjan Koleksioni i përgjithshem 02/08/2018   616.8914 CAM 002-2998614 02/08/2018 02/08/2018 Books
UBT Library © 2015-2024. All rights reserved University Education for Business and Technology